Realization of Iqbal's educational philosophy in montessori system / (Record no. 329382)

000 -LEADER
fixed length control field 01077cam a22003014a 4500
001 - CONTROL NUMBER
control field 15420479
003 - CONTROL NUMBER IDENTIFIER
control field Nust
005 - DATE AND TIME OF LATEST TRANSACTION
control field 20170504111922.0
008 - FIXED-LENGTH DATA ELEMENTS--GENERAL INFORMATION
fixed length control field 080821s2008 pk a 000 0 eng
010 ## - LIBRARY OF CONGRESS CONTROL NUMBER
LC control number 2008344375
020 ## - INTERNATIONAL STANDARD BOOK NUMBER
International Standard Book Number 9789694164052
025 ## - OVERSEAS ACQUISITION NUMBER
Overseas acquisition number P-E-2008344375; 19
040 ## - CATALOGING SOURCE
Original cataloging agency DLC
Transcribing agency DLC
042 ## - AUTHENTICATION CODE
Authentication code lcode
050 00 - LIBRARY OF CONGRESS CALL NUMBER
Classification number LB1029.M75
Item number Q25 2008
082 ## - DEWEY DECIMAL CLASSIFICATION NUMBER
Classification number 370.1
Author Mark QAI
100 1# - MAIN ENTRY--PERSONAL NAME
Personal name Qaiser, Nazir.
245 10 - TITLE STATEMENT
Title Realization of Iqbal's educational philosophy in montessori system /
Statement of responsibility, etc. Nazir Qaiser.
250 ## - EDITION STATEMENT
Edition statement 1st ed.
260 ## - PUBLICATION, DISTRIBUTION, ETC.
Place of publication, distribution, etc. Lahore :
Name of publisher, distributor, etc. Iqbal Academy Pakistan,
Date of publication, distribution, etc. 2008.
300 ## - PHYSICAL DESCRIPTION
Extent 227 p. :
Other physical details ill. ;
Dimensions 22 cm.
504 ## - BIBLIOGRAPHY, ETC. NOTE
Bibliography, etc. note Includes bibliographical references (p. [223]-227).
600 10 - SUBJECT ADDED ENTRY--PERSONAL NAME
Personal name Iqbal, Muhammad,
Titles and other words associated with a name Sir,
Dates associated with a name 1877-1938.
650 #0 - SUBJECT ADDED ENTRY--TOPICAL TERM
Topical term or geographic name entry element Montessori method of education.
650 #0 - SUBJECT ADDED ENTRY--TOPICAL TERM
Topical term or geographic name entry element Education
General subdivision Philosophy.
710 2# - ADDED ENTRY--CORPORATE NAME
Corporate name or jurisdiction name as entry element Iqbal Academy (Lahore, Pakistan)
906 ## - LOCAL DATA ELEMENT F, LDF (RLIN)
a 7
b cbc
c origode
d 3
e ncip
f 20
g y-gencatlg
942 ## - ADDED ENTRY ELEMENTS (KOHA)
Source of classification or shelving scheme
Koha item type Book
Holdings
Withdrawn status Lost status Source of classification or shelving scheme Damaged status Not for loan Collection code Permanent Location Current Location Shelving location Date acquired Total Checkouts Full call number Barcode Date last seen Copy number Price effective from Koha item type
            Central Library (CL) Central Library (CL) Book Cart 05/04/2017   370.1 QAI CL2146 05/04/2017 1 05/04/2017 Book
© 2023 Central Library, National University of Sciences and Technology. All Rights Reserved.